[Event "Wch U14 Girls"]
[Site "Montesilvano"]
[Date "2023.11.21"]
[Round "8"]
[White "Petergova, Stella"]
[Black "Stefan, Iulia Cristiana"]
[Result "1/2-1/2"]
[WhiteElo "1191"]
[BlackElo "1748"]
[PlyCount "77"]
[EventDate "2023.11.13"]
[EventType "swiss"]
[EventRounds "11"]
[EventCountry "ITA"]
[SourceTitle "CB48_2023"]
[SourceDate "2023.11.29"]
[SourceVersion "1"]
[SourceVersionDate "2023.11.29"]
[SourceQuality "1"]

1. e4 e5 2. Nf3 Nc6 3. d4 exd4 4. Nxd4 Bb4+ 5. c3 Bc5 6. Be3 Bb6 7. Nxc6 bxc6 8. Qf3 Qe7 9. Bd3 Bxe3 10. Qxe3 Nf6 11. 0-0 d6 12. Re1 Ng4 13. Qg3 0-0 14. Nd2 Ne5 15. Bf1 Rb8 16. b3 c5 17. Nc4 Nxc4 18. Bxc4 Be6 19. Bd5 Qd7 20. c4 Rfe8 21. Bxe6 Qxe6 22. f3 a5 23. Qf2 a4 24. Qc2 Rb4 25. Reb1 Reb8 26. bxa4 Qe5 27. a3 Qd4+ 28. Kf1 Rb2 29. Rxb2 Rxb2 30. Rb1 Rxb1+ 31. Qxb1 Qxc4+ 32. Kf2 g6 33. Qb8+ Kg7 34. Qxc7 Qd4+ 35. Kg3 Qe5+ 36. Kf2 Qd4+ 37. Kg3 Qxa4 38. Qxd6 Qxa3 39. Qe5+ 1/2-1/2

[Event "ESP-ch U12"]
[Site "Salobrena"]
[Date "2022.07.11"]
[Round "1"]
[White "Uber Gracia, Hugo"]
[Black "Petergova, Stella"]
[Result "1-0"]
[WhiteElo "1952"]
[BlackElo "1272"]
[PlyCount "81"]
[EventDate "2022.07.04"]
[EventType "swiss"]
[EventRounds "9"]
[EventCountry "ESP"]
[SourceTitle "EXT 2023"]
[Source "ChessBase"]
[SourceDate "2022.10.05"]
[SourceVersion "1"]
[SourceVersionDate "2022.10.05"]
[SourceQuality "1"]

1. e4 c5 2. Nf3 e6 3. g3 d5 4. exd5 exd5 5. d4 cxd4 6. Nxd4 Nc6 7. Bg2 Bc5 8. c3 Nge7 9. 0-0 0-0 10. Be3 Qb6 11. Nxc6 bxc6 12. Bxc5 Qxc5 13. b4 Qb6 14. Nd2 a5 15. a3 a4 16. c4 Rd8 17. Re1 Be6 18. cxd5 Nxd5 19. Qc2 Ra7 20. Rac1 Ne7 21. Nc4 Bxc4 22. Qxc4 Rc7 23. b5 Rd4 24. Qc3 c5 25. Rxe7 Rxe7 26. Qxd4 Qxb5 27. Qxc5 Re1+ 28. Rxe1 Qxc5 29. Re8+ Qf8 30. Rxf8+ Kxf8 31. Bc6 Ke7 32. Bxa4 Kd6 33. Bc2 h6 34. Bb3 f6 35. f4 Kc5 36. Kf2 Kd4 37. Kf3 Kc3 38. Bf7 Kd4 39. Kg4 Ke4 40. Bg6+ Kd5 41. Kf5 1-0

[Event "ESP-ch U12"]
[Site "Salobrena"]
[Date "2021.07.05"]
[Round "1"]
[White "Petergova, Stella"]
[Black "Menendez Perez, Miguel"]
[Result "0-1"]
[WhiteElo "1143"]
[BlackElo "1470"]
[PlyCount "120"]
[EventDate "2021.07.05"]
[EventType "swiss"]
[EventRounds "9"]
[EventCountry "ESP"]
[SourceTitle "EXT 2022"]
[Source "ChessBase"]
[SourceDate "2021.10.06"]
[SourceVersion "1"]
[SourceVersionDate "2021.10.06"]
[SourceQuality "1"]

1. d4 d5 2. c4 e6 3. Nf3 Nf6 4. g3 c5 5. cxd5 exd5 6. Bg2 Be7 7. 0-0 h6 8. Nc3 Be6 9. Bf4 0-0 10. Rc1 b6 11. Re1 Bd6 12. Bxd6 Qxd6 13. b3 a6 14. e4 dxe4 15. Nxe4 Nxe4 16. Rxe4 Nd7 17. dxc5 Qxd1+ 18. Rxd1 Nxc5 19. Red4 Ra7 20. Ne5 f6 21. Nc6 Rd7 22. Rxd7 Nxd7 23. Nb4 Nc5 24. Bf3 Bh3 25. Nd3 Nxd3 26. Rxd3 Re8 27. Rd1 Re5 28. Bg2 Bxg2 29. Kxg2 Kf7 30. Rd6 Re6 31. Rd7+ Kg6 32. Kf3 Rc6 33. Rd2 Kf5 34. Re2 g5 35. g4+ Kg6 36. h3 f5 37. Kg2 f4 38. f3 Kf6 39. Kf2 b5 40. Re4 a5 41. Re2 a4 42. bxa4 bxa4 43. a3 Rc3 44. Ra2 Ke5 45. Re2+ Kd5 46. Rd2+ Kc4 47. Rd6 Rxa3 48. Rxh6 Ra2+ 49. Ke1 Kd3 50. Rd6+ Ke3 51. Re6+ Kxf3 52. Rg6 Kg3 53. Rxg5 f3 54. Re5 f2+ 55. Kf1 Ra1+ 56. Ke2 f1Q+ 57. Kd2 Qf3 58. Re3 Rd1+ 59. Kc2 Qxe3 60. g5 Qc1# 0-1